| 000 | 01075nam a2200253 a 4500 | ||
|---|---|---|---|
| 001 | 48274 | ||
| 003 | BD-RjUL | ||
| 005 | 20211209054506.0 | ||
| 008 | 160813s2010 bg ||||| |||| 001 0 ben d | ||
| 020 |
_a9847008401177 _c: Tk. 350.00 |
||
| 035 | _a(BD-RjUL)48393 | ||
| 040 |
_aBD-RjUL _bben _cBD-RjUL |
||
| 041 | _aben | ||
| 082 |
_223 _a891.4409 _bSAB 2010 |
||
| 100 |
_aসরকার, স্বরোচিষ _9146173 |
||
| 245 | 1 | 0 |
_aবাংলা সাহিত্যে সংস্কার চেতনা : _bমুসলমান সমাজ (১৮৬৯-১৯৪৭) / _cস্বরোচিষ সরকার |
| 250 | _aপরিমার্জিত সং. | ||
| 260 |
_aঢাকা : _bশোভা প্রকাশ, _c২০১০ |
||
| 300 |
_a৩৭২ পৃ. ; _c২০ সেমি |
||
| 500 | _aনির্ঘণ্ট সংযুক্ত | ||
| 650 |
_aবাংলা সাহিত্য _xইতিহাস ও সমালোচনা _9146174 |
||
| 650 |
_aBengali Literature _xHistory and Criticism _9146175 |
||
| 942 |
_2ddc _cBK |
||
| 999 |
_c48274 _d48274 |
||